000
00358nam a2200157Ia 4500
005
20251020182613.0
008
200515s9999 xx 000 0 und d
082
_a
SC/69.025:69.57/E94
110
_a
FibraforteEternitPolygal
245
0
_a
Coberturas
260
_a
Lima
260
_c
s.a.
650
_a
COBERTURAS
650
_a
POLICARBONATO
942
_c
LIB
999
_c
3394
_d
3394